Cẩm nang nội trợ món ăn bình dân

Wedi'i Gadw mewn:
Manylion Llyfryddiaeth
Prif Awdur: Thu Cúc
Fformat: Llyfr
Iaith:Undetermined
Cyhoeddwyd: Thành phố Hồ Chí Minh Tổng hợp Thành phố Hồ Chí Minh 2003
Pynciau:
Tagiau: Ychwanegu Tag
Dim Tagiau, Byddwch y cyntaf i dagio'r cofnod hwn!
Thư viện lưu trữ: Trung tâm Học liệu Trường Đại học Cần Thơ
LEADER 00607nam a2200205Ia 4500
001 CTU_64118
008 210402s9999 xx 000 0 und d
020 |b 9000 
082 |a 641.5 
082 |b Th500 
100 |a Thu Cúc 
245 0 |a Cẩm nang nội trợ món ăn bình dân 
245 0 |c Thu Cúc 
260 |a Thành phố Hồ Chí Minh 
260 |b Tổng hợp Thành phố Hồ Chí Minh 
260 |c 2003 
650 |a Cookery, vietnamese,Home economics 
904 |a TUYẾN 
910 |a Năm 
980 |a Trung tâm Học liệu Trường Đại học Cần Thơ